000 00290nam a22001337a 4500
008 170922b xxu||||| |||| 00| 0 eng d
020 _a9781934527061
041 _aeng
080 _a37
100 _a46
101 _aEDU
245 _aTEACHING JEWISHLY
_cGRISHAVER, J.L
942 _2udc
_cBK
999 _c29073
_d29073